| 000 | 01537nam a2200205Ia 4500 | ||
|---|---|---|---|
| 003 | Ost | ||
| 005 | 20260507075727.0 | ||
| 008 | 260507s9999||||xx |||||||||||||| ||und|| | ||
| 040 | _cfsecg | ||
| 041 | _aara | ||
| 082 | _a711.4 | ||
| 100 |
_aعاشور، احمد صقر _eمؤلف |
||
| 245 | 0 |
_aادارة المدن الجديدة / _c احمد صقر عاشور |
|
| 260 |
_aالقاهرة: _bمركز دراسات واستشارات الإدارة العامة, _c2001 |
||
| 300 |
_a208 صفحة؛ _c24 سم |
||
| 490 | _aمركز دراسات واستشارات الإدارة العامة | ||
| 520 | _aالجوانب العلمية والتطبيقية في ادارة المدن الجديدة أساسيات ادارة المدن الجديدة مسائل السياسة المهملة التجربة المصرية في ادارة المدن الجديدة التخطيط الجيد العنصر الغائب في اقامة المناطق الصناعية ، المشاركة وتنمية المجتمعات العمرانية الجديدة ، مدينة برج العرب الجديدة دراسة استطلاعية، مدينة النهضة : تجربة تنظيم المجتمع غير متجانس ، مشروع تحسين المجتمعات الجديدة التجارب الدولية في تنمية المدن الجديدة المشاركة في التخطيط دراسة الاليات والمفاهيم والاليات الرئيسية | ||
| 653 | _aتخطيط المدن | ||
| 942 | _cكتاب | ||
| 999 |
_c45992 _d45992 |
||